Statistiques concernant Les pokémons de type Vol

Cliquez ici pour prendre le quiz!

Statistiques générales

  • Ce quiz a été pris 85 fois
  • Le résultat moyen est 74 sur 98

Statistiques - réponses

GénérationRéponse% Correct
1Roucool
98%
1Roucoups
98%
1Artikodin
96%
1Dracaufeu
96%
1Électhor
96%
1Roucarnage
96%
1Sulfura
96%
3Hélédelle
94%
2Lugia
94%
3Nirondelle
94%
1Papilusion
94%
4Étourmi
92%
2Ho-Oh
92%
1Piafabec
92%
1Rapasdepic
92%
1Dracolosse
90%
4Étouraptor
90%
4Étourvol
90%
2Coxy
87%
2Coxyclaque
87%
5Poichigeon
87%
2Airmure
85%
2Hoothoot
85%
2Noarfang
85%
3Tropius
85%
5Colombeau
83%
5Déflaisan
83%
1Nosferapti
83%
3Rayquaza
83%
3Bekipan
81%
2Floravol
81%
3Goélise
81%
2Granivol
81%
1Nosferalto
81%
6Passerouge
81%
3Altaria
79%
2Cotovol
79%
3Drattak
79%
6Flambusard
79%
2Nostenfer
79%
1Ptéra
79%
3Tylton
79%
2Xatu
79%
5Boréas
77%
1Canarticho
77%
3Charmillon
77%
5Démétéros
77%
5Fulguris
77%
1Insécateur
77%
2Natu
77%
4Papilord
77%
6Braisillon
75%
1Dodrio
75%
1Doduo
75%
1Léviator
75%
7Bazoucan
73%
4Corboss
71%
2Cornèbre
71%
5Couaneton
71%
5Lakmécygne
71%
7Picassaut
71%
2Scorplane
71%
4Scorvol
71%
2Togetic
71%
5Gueriaigle
69%
4Togekiss
69%
6Bruyverne
67%
5Furaiglon
67%
7Piclairon
67%
5Rhinolove
67%
5Vaututrice
67%
5Vostourno
67%
4Apireine
65%
5Chovsourir
65%
2Démanta
65%
2Yanma
65%
4Yanmega
65%
4Baudrive
63%
4Grodrive
63%
6Sonistrelle
63%
4Apitrini
62%
6Brutalibré
62%
6Prismillon
62%
6Yveltal
62%
2Cadoizo
60%
5Cryptéro
60%
4Babimanta
58%
5Emolga
58%
3Maskadra
58%
3Ninjask
58%
5Arkéapti
56%
5Aéroptéryx
54%
7Efflèche
54%
7Bamboiselle
52%
7Brindibou
52%
7Plumeline
52%
4Pijako
44%
7Météno
38%

Distribution des résultats

Percentile par nombre de réponses

% des personnes avec chaque résultat

Votre développement - résultats

Vous n’avez pas pris ce quiz